00485nam a2200181Ia 4500999001700000003000400017005001700021008004100038020001500079040001800094082001700112100002900129245004900158260003700207300000900244650001000253942004000263 c16487d16487OSt20200606115926.0190216s9999||||xx |||||||||||||| ||und|| a8190298224 cMESKC library a305.5bKAR/D aKatrem, Jai Prakash9281 0aDharmatharan Aur Dalit /cJai Prakash Katrem bSooraj Prakashan,c2008.aDelhi: a128p aHindi cBK2ddch305.5iKAR/Dk305.5mKAR/D